[Event "West Wales Open"]
[Site "Swansea"]
[Date "2019.10.13"]
[Round "4.11"]
[White "Marin Marin, Francisco Javier"]
[Black "Whitehead, Mark A"]
[Result "1-0"]
[WhiteElo "1767"]
[BlackElo "1847"]
[Annotator "kemen"]
[PlyCount "35"]
[EventDate "2019.10.12"]
[EventType "swiss"]
[EventRounds "5"]
[EventCountry "WLS"]

{[%evp 0,17,26,4,46,50,65,15,57,54,43,61,73,69,55,55,73,36,73,92]} 1. e4 c5 2.
Nf3 e6 3. c3 b6 (3... d5) (3... Nf6) 4. d4 Bb7 5. Bd3 cxd4 (5... Nf6 6. Qe2) 6.
cxd4 Nf6 7. Nc3 Bb4 8. Qe2 O-O (8... d5 9. e5 Ne4 10. Bd2 (10. O-O {main lines}
)) 9. O-O d5 $146 {seems mis-timed as Bl now has to give up a pawn, or face a
Greek -gift sacrifice} (9... Bxc3) (9... h6) 10. e5 Bxc3 (10... Ne4 11. Nxe4
dxe4 12. Bxe4 Bxe4 13. Qxe4 Qd5 (13... Na6 14. Qd3 Nc7 15. Ng5 g6 16. Ne4 Nd5
17. Bh6 Re8 18. Rac1 $18 (18. Bg5 $18)) 14. Qxd5 exd5 $16 {Komodo13}) (10...
Nfd7 11. Bxh7+ Kxh7 12. Ng5+ Kg8 (12... Kg6 13. Qd3+ f5 14. Ne2 {again winning
the Q}) 13. Qh5 {and only Q loss avoid mate- Komodo13}) 11. exf6 Bb4 (11... g6
12. bxc3 Qxf6 13. Bg5 Qg7 14. Qe3 $18 {Komodo13}) 12. fxg7 (12. Bxh7+ $1 {
Komodo13} Kh8 (12... Kxh7 13. Qd3+ Kg8 14. Ng5 g6 15. Qh3 Re8 16. Qh7+ Kf8 17.
Qxf7# (17. Qg7#) (17. Qh8#)) 13. Qe5 (13. fxg7+ Kxg7 14. Qe5+) 13... Nd7 (13...
Qxf6 14. Qh5 Rc8 15. Bg5 $18) 14. fxg7+ Kxh7 15. Qh5+ Kxg7 16. Bh6+ Kh7 17.
Bxf8+ Kg8 18. Bxb4 $18 {Komodo13}) 12... Kxg7 (12... Re8 13. Ng5 Qf6 14. Bxh7+
Kxg7 15. Qg4 Kf8 16. Bd3 Qh8 17. Nh7+ Ke7 18. Bg5+ Kd7 19. Qf4 $18 {Komodo13-
a little bit better than the text}) 13. Qe5+ f6 14. Qh5 Rf7 15. Bxh7 (15. Ne5
$1 fxe5 16. Qxh7+ Kf8 17. Qh8+ Ke7 18. Bg5+ $18 {Komodo13}) (15. Ng5) 15... Rd7
16. Qh6+ (16. a3) (16. Ne5) 16... Kf7 17. Ne5+ Ke7 18. Bf4 $1 1-0

[Event "West Wales Open"]
[Site "Swansea"]
[Date "2019.10.13"]
[Round "4.12"]
[White "Thomas, Roy"]
[Black "Turner, Joseph David"]
[Result "0-1"]
[WhiteElo "1696"]
[BlackElo "1842"]
[Annotator "kemen"]
[PlyCount "98"]
[EventDate "2019.10.12"]
[EventType "swiss"]
[EventRounds "5"]
[EventCountry "WLS"]

{[%evp 0,18,26,-28,-33,-31,-16,-17,-17,-29,-29,-22,-32,-33,-33,-33,-39,-52,-57,
-57,-58]} 1. f4 Nf6 2. Nf3 g6 3. e3 d5 4. d3 Bg7 5. Be2 c5 6. O-O Nc6 7. Nc3
O-O 8. e4 {a favourite setup for Wh} d4 9. Na4 Nd7 (9... b6) 10. c4 a6 (10...
dxc3 11. Nxc3 {1 Wh win, 1 draw, 1 Bl win}) 11. b3 (11. Qc2 e5 12. f5 Qe7 13.
b3 b5 14. Nb2 Nb4 15. Qd1 gxf5 16. exf5 e4 17. dxe4 d3 18. Bxd3 Ne5 19. Nxe5
Qxe5 20. Rb1 Rd8 21. Qf3 {Gazik-Vass, SVK ch tm 2014,1-0}) 11... b5 12. Nb2 e5
{Komodo13} (12... Bb7 13. Bd2 b4 14. Na4 e6 15. Qe1 a5 16. Ng5 h6 17. Nf3 Kh7
18. Qh4 Qxh4 19. Nxh4 {Hemmers-Schoeber, Goch op 2014, draw agreed}) 13. f5 Nf6
14. Bg5 h6 15. Bh4 (15. Bxf6 Qxf6 16. fxg6 Qxg6 17. cxb5 axb5 18. a4 bxa4 19.
Nxa4 $11 {Komodo13}) 15... Qd6 16. Nd2 Ne7 (16... b4) 17. g4 (17. cxb5 axb5 18.
a4 $14 {Komodo13- gains c4 for a N}) 17... gxf5 18. gxf5 (18. exf5 $16 {
gains wh squares for Wh, & keeps potential K side pawn roller}) 18... Kh8 19.
Kh1 (19. cxb5 axb5 20. a4) 19... Bb7 20. Bf3 Rg8 (20... b4) 21. cxb5 axb5 22.
a4 bxa4 23. Nbc4 Qc7 24. bxa4 $16 (24. Nxe5 $1 $18 {Komodo13} Qxe5 25. Bg3 {
wins Q}) 24... Nh7 25. Bh5 $18 Bf6 (25... f6 26. Bg6 Bc6 27. a5 Ra7 28. Qh5 Rb8
29. Rf3 Nf8 30. Bxf6 Bxf6 31. Qxh6+ Kg8 32. Bh7+ Nxh7 33. Rg1+ $18 {Komodo13})
26. Bxf6+ Nxf6 27. Bxf7 Rg7 28. Be6 Rf8 29. Rg1 (29. Qe2) 29... Nc6 30. Rxg7
Qxg7 31. Qg1 (31. Qe2 Qh7 32. Rg1 Bc8 33. Bxc8 Rxc8 34. Rg6 Rf8 35. Nf3 $18 {
Komodo13- the e pawn drops}) 31... Nb4 32. Nxe5 Nxd3 33. Ng6+ (33. Nxd3 Nxe4
34. Qxg7+ Kxg7 35. Kg1 Nxd2 36. Nxc5 $18 {Komodo13}) 33... Kh7 34. Nxf8+ Qxf8
35. Qg6+ $18 (35. Rb1 Nb4 36. Qg2 $18) 35... Kh8 36. Rb1 Nf4 (36... Nb4 37. Qg2
Qg7 38. Rg1 $18) 37. Qg3 $2 (37. Qf7 Qxf7 38. Bxf7 Bc6 39. Rb6 Bxe4+ 40. Nxe4
Nxe4 41. a5 $18 {Komodo13}) (37. Rxb7 $1 Nxg6 38. fxg6 Qg7 39. Rb8+ Qg8 40.
Rxg8+ Nxg8 41. Bxg8 Kxg8 42. a5 $18 {Komodo13}) (37. Qg1 Ba8 38. Re1 Nxe6 39.
fxe6 Nxe4 40. Nxe4 Bxe4+ 41. Rxe4 Qf3+ 42. Qg2 Qd1+ 43. Qg1 Qf3+ $11 {Komodo13}
) 37... Nxe4 $19 38. Qxf4 (38. Qh4 Ba8 39. Rb8 Ng5+ 40. Kg1 Qxb8 41. Qxh6+ Nh7
$19 {Komodo13}) 38... Nf2+ 39. Kg1 Nh3+ 40. Kf1 Nxf4 41. Rxb7 Nxe6 42. a5 Qxf5+
43. Ke1 Nf4 44. Kd1 Qg4+ 45. Kc1 Nd3+ (45... Qe2) 46. Kc2 Nb4+ 47. Kc1 Qe2 48.
Rb6 Qe1+ 49. Kb2 Qxd2+ 0-1

[Event "West Wales Open"]
[Site "Swansea"]
[Date "2019.10.13"]
[Round "4.13"]
[White "James, Dai"]
[Black "Morgans, Justin"]
[Result "1-0"]
[WhiteElo "1838"]
[BlackElo "1657"]
[Annotator "kemen"]
[PlyCount "65"]
[EventDate "2019.10.12"]
[EventType "swiss"]
[EventRounds "5"]
[EventCountry "WLS"]

{[%evp 0,11,26,4,12,9,23,34,54,41,47,-39,45,34]} 1. e4 e5 2. Nf3 Nf6 3. Nxe5
Nc6 4. Nxc6 dxc6 {the Stafford Gambit once more} 5. Nc3 (5. d3 Bc5 6. Be2 h6 7.
O-O Be6 8. c3 Bb6 9. Nd2 Qd7 {Jukes-Morgans, rd3 West Wales Open 2019,1-0})
5... Bc5 6. Be2 Be6 (6... h5) (6... Qd4) 7. d3 Qd7 8. O-O (8. Bg5 {0-1}) (8.
Be3 {1-0}) (8. h3 {1-0}) 8... h5 (8... O-O-O 9. Be3 Bd4 10. Bxd4 Qxd4 11. Qd2
Ng4 12. Qf4 h5 13. h3 Ne5 14. Qe3 Qxe3 15. fxe3 g5 16. d4 Ng6 17. Rad1 {
Ferreira-Neu, Canarias en Red prelim blitz 2004,1-0}) 9. Kh1 Ng4 10. Qe1 O-O-O
11. Nd1 (11. Na4 Bxf2 12. Rxf2 Qd4 13. Rf1 Qxa4 14. h3 Ne5 15. b3 Qd4 16. c3
Qd7 17. d4 Ng6 18. Qf2 $16 {Komodo13}) 11... h4 12. f4 (12. h3 Nh6 13. b4 $16 {
Komodo13}) 12... f5 (12... h3 13. g3 g6 14. Bd2 Kb8 $14 {Komodo13}) 13. e5 (13.
Bxg4 fxg4 14. f5 Bf7 15. Bg5 $16 {Komodo13}) 13... h3 14. g3 Bd5+ $19 {
Komodo13 & Stockfish10} 15. Bf3 Rde8 (15... g5 $1 {both Engines- Bl is fully
mobilized while Wh is playing a R down with the rest of his pieces passive.})
16. Ne3 (16. Be3 $11) 16... Bxf3+ (16... Nxe5 $1 17. fxe5 Rxe5 $19 {Komodo13 &
Stockfish10}) (16... Bxe3 17. Bxe3 g5 $19 {Stockfish10}) 17. Rxf3 Bxe3 (17...
g5 $17 {both Engines}) 18. Bxe3 g5 19. Qe2 gxf4 20. Bxf4 Re6 (20... c5 $15 {
Komodo13}) 21. Rd1 c5 22. c3 Rhe8 (22... Qd5 23. d4 cxd4 24. cxd4 c5 25. Rc1
Kb8 $11 {Komodo13}) 23. d4 cxd4 24. cxd4 Qd5 25. Kg1 c5 $2 (25... Qxa2 26. d5
Rxe5 27. Bxe5 Rxe5 28. Qb5 Ne3 29. Rc1 Qxd5 30. Qxd5 Nxd5 31. Rcf1 Ne7 32. Rf4
$14 {Komodo13}) 26. Rc3 $18 Qg2+ (26... Qe4 27. Qxe4 fxe4 28. d5 $18 {Komodo13}
) 27. Qxg2 hxg2 28. Rxc5+ Rc6 29. Rxc6+ (29. Rdc1 Kc7 30. h3 {and the N has
nowhere to go to}) 29... bxc6 30. Kxg2 (30. h3 Rh8 31. Kxg2 (31. hxg4 Rh1+ 32.
Kxg2 Rxd1 33. gxf5 $18) 31... Nh6 32. Rc1 $18 {Komodo13}) 30... Re6 31. h3 Nh6
32. Bxh6 (32. Rc1 Kd7 33. Rc5 Ng8 34. Ra5 $18 {Komodo13}) 32... Rxh6 33. h4 1-0

[Event "West Wales Open"]
[Site "Swansea"]
[Date "2019.10.13"]
[Round "4.14"]
[White "Buttell, David"]
[Black "Chung, Joel"]
[Result "1/2-1/2"]
[WhiteElo "1828"]
[BlackElo "1463"]
[Annotator "kemen"]
[PlyCount "160"]
[EventDate "2019.10.12"]
[EventType "swiss"]
[EventRounds "5"]
[EventCountry "WLS"]

1. d4 d5 2. c4 c6 3. Nf3 e6 4. Nc3 Nf6 5. cxd5 cxd5 (5... exd5 {main}) 6. e3 {
voluntarily enclosing the B, which doesn't do much for the rest of the game} (
6. Bf4) (6. Bg5 {main lines}) 6... Nc6 7. Bd3 Nb4 {the N will be unable to
maintain itself here} (7... Bd6 {main}) 8. Bb1 {Komodo13 & Houdini6} (8. Be2
Bd7 9. a3 Nc6 {0.5-1.5 however in practice}) 8... Bd7 9. a3 Nc6 10. O-O Bd6 11.
Bd3 {transposes back to 12 games} (11. Re1 {waiting for 0-0, to play Qd3 worth
a try} O-O 12. Qd3 Ne7 13. e4 dxe4 14. Nxe4 Nxe4 15. Qxe4 Nf5 16. Qxb7 $14 {
Komodo13}) 11... a6 12. b4 (12. Bd2 {main}) (12. e4 $14 {Komodo13- liberates
the QB} dxe4 13. Nxe4 Nxe4 14. Bxe4 O-O $14 15. Bxh7+ $6 Kxh7 $19 16. Ng5+ Kg6
17. h3 Be7 18. Ne4 f5 19. Ng3 Rh8 $19 {Biljcevic-Zorman, Osijek ch open 2014,1/
2-1/2}) 12... b5 13. Bd2 {the B is very bad now- e4 still seems called for} (
13. Bb2 {1.5-0.5}) 13... O-O $11 14. Rc1 Rc8 15. Qe2 {3 draws from this
position} Qb6 (15... e5 $15 {Komodo13- if Wh won't, then why not let Bl have a
go?} 16. dxe5 Nxe5 17. Nxe5 Bxe5 18. Qd1 Re8 $15 {the Bl pieces are slightly
better placed}) 16. Bb1 {Slijepcevic-Nesic, BIH ch women, Sarajevo 2007, draw
agreed} Rfe8 (16... e5) 17. Qd3 (17. e4) 17... Ne7 18. Ne5 Qb7 19. f4 Ng6 20.
h3 Nh8 {unusual to go here with a N voluntarily, though it does support f7.}
21. g4 $16 (21. f5 $16) 21... g6 {doesn't do much for the N on h8} 22. g5 (22.
e4 $16 {Komodo13}) 22... Nh5 23. Ng4 (23. e4) 23... f5 24. Nh2 (24. gxf6 $18 {
Komodo13} Ng3 25. Rf3 Nf5 26. Qf1 Nf7 27. Ne5 Bf8 28. h4 $18) 24... Nf7 $15 25.
h4 Rc7 26. Bc2 (26. Ne2 Rc4 27. Nf3 Bf8 28. Ne5 Nd6 $15 {Komodo13}) 26... Qb8 (
26... Ng3 27. Rfe1 a5 $17 {Komodo13}) 27. Kg2 Nd8 (27... Rec8 28. Bd1 Bf8 29.
Bxh5 gxh5 30. Ne2 Nd6 31. Rc5 Be8 $15 {Komodo13}) 28. Bd1 Ng7 29. Rh1 Kf7 (
29... Nf7 $11) 30. Bf3 (30. h5 Nxh5 (30... gxh5 31. Nf1 Rf8 32. Ng3 $14) 31.
Bxh5 gxh5 32. Nf3 Kg7 33. Rxh5 Rh8 34. Ne5 $14 {Komodo13}) 30... Rh8 31. Nf1
Be7 (31... h5 $11) 32. Ng3 (32. h5 $14) 32... h5 {after the elaborate
preparations for h5, Bl hopes to close off the option ( & Wh agrees)} 33. Rc2 (
33. Nxd5 exd5 34. Bxd5+ Be6 35. Bxe6+ Ndxe6 36. d5 Rd8 37. dxe6+ Nxe6 $11 {
Komodo13}) (33. gxh6 {is consistent- there might be something at the end of
the line} Rxh6 34. h5 Nxh5 35. Nxh5 gxh5 36. Rxh5 Rxh5 37. Bxh5+ Kf8 38. e4
dxe4 39. Qg3 Bd6 {given as = by Komodo13,} (39... Bf6 40. Qg6 Bxd4 41. Ne2 Rxc1
42. Nxd4 Rc4 43. Qf6+ Kg8 44. Qg6+ $11 {Stockfish10}) 40. Rh1 $18 {Stockfish10
& after a bit longer, Komodo13 agrees.}) 33... Nb7 34. Rhc1 Rhc8 35. Nb1 Nd6
$15 36. Rxc7 Rxc7 37. Rxc7 Qxc7 38. Qc3 Qxc3 39. Bxc3 {the B has only made it
to an even bigger deadend ( not that Bl's QB is any better off)} Nc4 $11 40.
Kf2 Bd8 41. Ne2 Ne8 42. Nc1 Ned6 43. Nd3 Bc8 44. Ne5+ Nxe5 45. dxe5 Nc4 46. Be2
Bb6 47. Bxc4 (47. Bd4 {simplest, leaving Bl with an inferior B; but the entire
position remains blocked}) 47... dxc4 48. Nd2 (48. Bd4 Bxd4 49. exd4 Bb7 50.
Nc3 Bc6 {and neither K can gain entry}) 48... Bb7 49. Nf1 Be4 50. Ng3 Bd3 51.
Kf3 Bc2 52. Ke2 Bd3+ 53. Kd2 Ba7 {(draw?)} 54. Nh1 Be4 55. Nf2 Bb7 56. Nd1 Be4
57. Bd4 Bb8 (57... Bxd4 58. exd4 Bd5 {is simpler- the only possible line of
play for Wh is to go for Nxb; but then both sides will have a protected passed
pawn blocked by the opposing K}) 58. Bb6 {freedom, but the B has no targets}
Ke7 59. Kc3 Kd7 60. Kd4 Kc6 61. Bc5 $11 (61. Ba5 Bf3 62. Nb2 Ba7+ $19) 61...
Bc7 62. Nc3 Bc2 63. Ne2 Bd1 64. Ng3 Bg4 65. e4 {finally, but it doesn't have
much impact now} Kd7 (65... fxe4 66. Nxe4 Bf5 67. Ng3 Bd3 $11 {as well}) 66.
exf5 Bxf5 67. Nf1 (67. Nxf5 exf5 68. Kc3 {yields little} (68. Kd5 c3 69. Be3 c2
70. Bc1 Bb6 71. Bd2 Bf2 {and Bl picks up an h pawn for a win (with Komodo13
maximizing for Bl)} 72. Bc1 Ba7 73. Bd2 Bb6 74. Bc1 Bg1 75. Bd2 Bf2 76. Bc1
Bxh4 77. Bd2 Be1 78. e6+ Ke7 79. Bc1 h4)) 67... a5 68. Ne3 axb4 69. axb4 Bd3
70. Nd1 Bc2 {(draw?)} 71. Nc3 Kc6 72. Ne2 Bd1 73. Ng3 Bg4 74. Ne4 Bb6 75. Bxb6
Kxb6 76. Nf6 Kc6 77. Ne4 Bf5 78. Ng3 Bg4 {(draw?)} 79. Nf1 Bh3 80. Ne3 Kb6 {
(draw?)} 1/2-1/2

[Event "West Wales Open"]
[Site "Swansea"]
[Date "2019.10.13"]
[Round "4.15"]
[White "Denham-Kennedy, Colin"]
[Black "Bevan, Peter M"]
[Result "0-1"]
[WhiteElo "1656"]
[BlackElo "1889"]
[Annotator "kemen"]
[PlyCount "60"]
[EventDate "2019.10.12"]
[EventType "swiss"]
[EventRounds "5"]
[EventCountry "WLS"]

{[%evp 0,16,38,20,20,20,24,12,17,18,53,28,19,9,-5,0,20,21,26]} 1. Nf3 d5 2. d4
Nf6 3. e3 g6 4. c4 c6 (4... Bg7 {is a Gruenfeld}) 5. Nbd2 (5. Nc3 {main}) 5...
Bg7 6. b3 Bf5 (6... O-O {main}) 7. Bb2 Nbd7 8. Be2 Ne4 (8... O-O {transposes
to 14 games}) 9. Nxe4 (9. O-O {simplest}) 9... Bxe4 (9... dxe4 10. Nd2 h5 $11)
10. Bd3 (10. O-O) 10... Nc5 (10... Bxf3 11. gxf3 e5 $11) 11. Bxe4 (11. Be2 Qa5+
12. Qd2 Qxd2+ 13. Kxd2 Rd8 $11 {Komodo13}) 11... dxe4 $19 12. Nd2 Nd3+ 13. Ke2
Nxb2 14. Qc2 f5 (14... c5 $1 {Komodo13} 15. Qxb2 cxd4 16. Qc1 (16. exd4 Bxd4
17. Qc1 Bxa1 18. Qxa1 Qd3+ 19. Ke1 O-O $19) 16... f5 17. exd4 Qxd4 18. Qc2
O-O-O $19 {Komodo13}) 15. Qxb2 c5 16. Rad1 cxd4 17. exd4 Bxd4 18. Qc2 e5 (18...
Qd6 19. g3 O-O-O) 19. h4 Qb6 20. Nxe4 fxe4 21. Qxe4 O-O (21... O-O-O) 22. f3
Qc6 (22... Rad8) 23. Qd3 Rad8 24. Rdf1 Bb6 $19 (24... e4 25. fxe4 Rfe8 26. Qf3
Rxe4+ 27. Kd1 Qe6 $19) (24... Rf4 25. Rh3 e4 $19) 25. Qe4 Qxe4+ (25... Qc5) 26.
fxe4 Rxf1 27. Rxf1 Rd4 28. Kf3 Rd3+ 29. Kg4 h5+ 30. Kg5 Kg7 0-1

[Event "West Wales Open"]
[Site "Swansea"]
[Date "2019.10.13"]
[Round "4.16"]
[White "Haigh, Tony"]
[Black "Sipho, Donovan"]
[Result "1-0"]
[WhiteElo "1761"]
[BlackElo "1659"]
[Annotator "kemen"]
[PlyCount "109"]
[EventDate "2019.10.12"]
[EventType "swiss"]
[EventRounds "5"]
[EventCountry "WLS"]

1. d4 g6 2. e4 Bg7 3. Nc3 d6 4. Be3 b6 (4... a6 {main}) 5. Bc4 (5. Qd2) 5... e5
$2 $146 (5... Bb7 {main}) (5... e6 {both may lead to a Hippopotamous}) 6. dxe5
$18 Bxe5 7. Nge2 (7. Bxf7+ Kxf7 8. Qd5+ Be6 9. Qxa8 $18 {seen too late by Wh})
(7. Qd5 Be6 8. Qxa8 Bxc4 9. Nge2 $16 {Komodo13}) 7... Bb7 8. Qd2 (8. f4) 8...
Bg7 9. O-O-O Nc6 10. h4 Nge7 11. Bh6 (11. h5 $18) 11... Bf6 (11... Bxh6 12.
Qxh6 Ne5 13. Bb5+ c6 14. Ba4 $16 {Komodo13}) 12. Nd5 $18 (12. Qf4 Ng8 13. Bg7
$18 {Komodo13}) 12... Nxd5 13. exd5 Ne5 14. Bb5+ Nd7 15. Nd4 Bxd5 (15... Qe7
16. Rde1 Be5 17. f4 $18) 16. Bc6 (16. Rhe1+ Be7 (16... Be5 17. Nc6 Bxc6 18.
Bxc6 $18) 17. Bg7 Rg8 18. Bf6 $18 {Komodo13}) 16... Be6 (16... Bxc6 17. Nxc6
Bxb2+ 18. Kxb2 Qf6+ 19. Kb1 Nb8 20. Rhe1+ Kd7 21. Ne7 $18 {Komodo13}) 17. Bxa8
(17. Rhe1 {(the B is a better piece than the R} Ke7 18. Bd5 Ne5 19. Rxe5 dxe5
20. Nc6+ Ke8 21. Nxd8 Rxd8 22. Bc6+ Ke7 23. Qb4+ Rd6 24. Rxd6 cxd6 25. Qa4 $18
{Komodo13}) 17... Qxa8 18. Nxe6 (18. Rhe1 $1) 18... fxe6 19. Rde1 e5 20. f4 Qc6
21. Qe2 Qa4 22. a3 (22. fxe5 Bxe5 23. Qf3 c6 24. Bg7 Qxa2 25. Bxh8 Qxb2+ 26.
Kd2 Qd4+ 27. Qd3 Qb4+ 28. c3 Qf4+ 29. Re3 Qf2+ 30. Kc1 $18 {Komodo13}) 22...
Qd4 23. Qe4 Qxe4 24. Rxe4 Nc5 25. Re2 Kd7 26. fxe5 Bxe5 $16 27. Rf1 Re8 28.
Ref2 (28. Rf7+ Re7 29. Rxe7+ Kxe7 30. Bf4 Nd7 31. Bxe5 Nxe5 32. Kd2 $16 {
Komodo13}) 28... Bg3 29. Rf7+ Kc6 (29... Re7 30. Bg5 $18) 30. Rxh7 Bxh4 31. Bf4
(31. Bd2 Bd8 32. Re1) 31... Re1+ (31... Bd8 32. Rg7 Re6 $16 {keeping a R on
allows Bl to defend weak squares more easily}) 32. Rxe1 Bxe1 33. Bd2 (33. Rh6)
33... Bxd2+ 34. Kxd2 a5 35. Rg7 g5 36. Ke3 Ne6 37. Rg6 Kd5 38. c4+ (38. g4)
38... Ke5 39. g4 d5 40. cxd5 Kxd5 41. Rf6 c6 42. Rf5+ Kd6 43. Ke4 Nc5+ 44. Rxc5
{looks simplest, yet Bl could hold this} (44. Ke3 $18) 44... Kxc5 45. Kf5 Kd6 (
45... Kc4 46. Kxg5 Kb3 47. Kf5 (47. Kh6 {initially Komodo13 thought this was
the only K move that wins, as it gives the new Wh Q plenty of checking space,
but it doesn't matter where the K goes} Kxb2 48. g5) 47... Kxb2 48. g5 c5 49.
g6 c4 50. g7 c3 51. g8=Q c2 52. Qg2 Kb1 53. Qe4 Kb2 {and Wh can't get the
tempi to bring his K in, confirmed by Lomonosov tablebases}) 46. Kxg5 Ke7 47.
Kg6 b5 48. g5 b4 49. Kh7 c5 50. g6 bxa3 51. bxa3 Kd6 52. g7 Ke5 53. g8=Q Kd4
54. Qd8+ Kc3 55. Qxa5+ 1-0

[Event "West Wales Open"]
[Site "Swansea"]
[Date "2019.10.13"]
[Round "5.1"]
[White "Garcia, Jason"]
[Black "Kosuzek, Daniel"]
[Result "0-1"]
[WhiteElo "2050"]
[BlackElo "2338"]
[Annotator "kemen"]
[PlyCount "126"]
[EventDate "2019.10.12"]
[EventType "swiss"]
[EventRounds "5"]
[EventCountry "WLS"]

{[%evp 0,10,19,29,23,-4,21,3,-9,-17,-9,-9,41]} 1. Nf3 d5 2. c4 d4 3. e3 Nc6 {
main} (3... c5 4. exd4 cxd4 5. d3 Nc6 6. g3 Nf6 7. Bg2 e5 8. O-O Bd6 9. Na3 {
Garcia-Chung, Rd3, West Wales Open 2019,1-0}) 4. exd4 Nxd4 5. Nc3 (5. Nxd4 Qxd4
6. Nc3 {main}) 5... c6 (5... Bg4) (5... e5 {main lines}) 6. Nxd4 Qxd4 7. d3 Nh6
{200 games} 8. Be3 (8. Bxh6 {0.5-2.5}) 8... Qd8 9. d4 Nf5 10. Qd2 g6 11. Be2
Bg7 12. O-O-O (12. Rd1 {main}) 12... O-O 13. g4 (13. h4) (13. Kb1 {Komodo13})
13... Nxe3 14. fxe3 Rb8 {Komodo13} (14... b5 15. h4 b4 16. Na4 b3 (16... e5 $15
{Komodo13}) 17. axb3 Rb8 18. Nc5 e5 19. h5 $11 {Priehoda-Pacher,Kouty nad
Desnou rapid op 2018,1-0}) (14... c5 15. Kb1 Rb8 16. h4 b6 17. h5 Bb7 18. d5
Qd6 19. Bd3 a6 {Martirosyan-Raghunandan, Wld ch U14, Durban 2014,1-0}) 15. h4
Bd7 (15... Be6) (15... b5) 16. g5 (16. h5 $16 {Cloud Engines}) 16... b5 17. h5
Qa5 18. cxb5 (18. hxg6 hxg6 19. Bd3 $11 {Stockfish10 & Komodo13}) 18... cxb5
19. Kb1 $11 Rfc8 (19... b4 {Stockfish10 initially claiming Bl win, then} 20.
Ne4 $11 {Stockfish10 & Komodo13}) 20. Ne4 (20. Nd5) 20... Qxd2 21. Nxd2 $11 (
21. Rxd2 $11) 21... Rd8 22. Bf3 Be6 23. Rc1 Rbc8 24. b3 (24. hxg6 hxg6 25. Be4
$11 {Komodo13}) 24... Bf5+ 25. Be4 Rxc1+ 26. Rxc1 (26. Kxc1) 26... Bxe4+ 27.
Nxe4 gxh5 $15 28. Ng3 (28. Rh1 Rd5 29. Kc2 h6 30. gxh6 Bxh6 31. Kd3 Kh7 $14 {
Komodo13}) 28... Rd5 $17 29. Rc8+ Bf8 30. Nxh5 Rxg5 31. Nf4 h5 $15 (31... e5
$17 {Cloud Engines}) 32. Rc5 $6 e5 33. Rxe5 Rxe5 34. dxe5 h4 35. Kc2 Bg7 36.
Kd3 (36. e6 {Fritz13 SE & Komodo13} fxe6 37. Kd3 Bh6 38. Nh3 Kf7 $17) 36...
Bxe5 $19 37. Nh3 f5 (37... f6 $19 {Cloud Engines}) 38. e4 Kf7 (38... fxe4+ 39.
Kxe4 Bg3 $19 {Komodo13}) 39. exf5 Kf6 40. Ke4 Bg3 $15 41. a4 b4 (41... a6 {also
}) 42. Ng1 Kg5 43. Nf3+ Kg4 44. f6 $11 (44. Ne5+ Kg5 45. Nf3+ $11 {Komodo13})
44... Bd6 45. f7 (45. Ng1 h3 46. Nxh3 Kxh3 47. Kd5 Bf8 48. Kc6 Kg4 49. a5 Kf5
50. Kb7 Kxf6 51. Kxa7 Ke5 52. Kb6 $11 {Komodo13}) 45... h3 46. Nh2+ (46. a5 Bf8
47. a6 Bd6 48. Kd5 Bf8 49. Nh2+ $11 {Komodo13}) 46... Kg5 $1 $19 47. Kd5 Bf8
48. Kc6 (48. Ke5 Bg7+ 49. Ke6 Kf4 $19 {Komodo13}) 48... Kf6 49. Nf3 (49. Kb7
Kxf7 50. Kxa7 Bc5+ 51. Ka6 Kf6 52. Kb5 Bg1 53. Nf3 Kf5 54. Kxb4 Kg4 55. Nxg1 h2
$19 {Komodo13}) 49... Kxf7 (49... Bh6 $19) (49... Be7 $19) 50. Ng5+ Kf6 51.
Nxh3 $11 Ke5 52. Ng5 Be7 53. Nf3+ $2 (53. Nh3 $11) (53. Nf7+ $11) 53... Ke4 $19
54. Nd2+ (54. Ne1 Kd4) 54... Kd3 55. Nc4 Kc3 56. Na5 Bd8 {other moves only draw
} 57. Nb7 Kxb3 58. a5 Ka4 59. Nxd8 b3 (59... Kxa5 60. Kc5 b3 61. Nc6+ Ka4 62.
Nxa7 b2 63. Nb5 Kb3 64. Nd4+ $11) 60. a6 b2 61. Kb7 b1=Q+ 62. Kxa7 Kb5 63. Nb7
Qh7 0-1

[Event "West Wales Open"]
[Site "Swansea"]
[Date "2019.10.13"]
[Round "5.2"]
[White "Toczek, Grzegorz"]
[Black "Brown, Geoffrey M"]
[Result "1-0"]
[WhiteElo "2259"]
[BlackElo "1861"]
[Annotator "kemen"]
[PlyCount "71"]
[EventDate "2019.10.12"]
[EventType "swiss"]
[EventRounds "5"]
[EventCountry "WLS"]

1. d4 e6 2. Nf3 f5 3. h3 b6 (3... Nf6 4. g4 {main}) 4. g4 Bb7 5. Qd3 (5. Rg1) (
5. gxf5) (5. Bg2 Be7 6. c4 Nf6 7. Nc3 Ne4 8. d5 Nxc3 9. bxc3 Na6 10. gxf5 exf5
11. Nd4 Bf6 12. Qc2 g6 13. Bf3 Nc5 14. Bh6 Qe7 15. Be3 {R James-Fathallah, S
Wales International 2006,1/2-1/2}) 5... Be4 6. Qb3 Nc6 7. c3 Bd5 {Komodo13} (
7... Nf6 8. gxf5 Bxf5 9. Nbd2 Bd6 10. Nh4 Be4 11. Nxe4 Nxe4 12. Nf3 Qe7 13. Rg1
Rf8 14. Qc2 Nf6 15. Ng5 g6 16. e4 e5 {Artal Alegria-Sarto Ramos, Zaragoza La
Salle op 1994,1/2-1/2}) 8. Qd1 Bxf3 (8... Bd6 {Deep Fritz13 & Komodo13}) 9.
exf3 g6 (9... Qf6 {Deep Fritz13}) (9... Bd6 {Komodo13}) 10. Bb5 (10. h4 $14 {
Komodo13}) 10... Nce7 11. Qe2 c6 (11... Bg7 {Komodo13}) 12. Bd3 (12. Qe5 $18 {
Komodo13}) 12... Kf7 (12... Qc7 $11 {Komodo13}) 13. Na3 b5 14. Bd2 a6 15. Nc2
Qc7 16. Ne3 Nf6 17. Ng2 Ned5 18. Kf1 (18. O-O-O a5 19. Nh4 a4 20. a3 Nf4 $15 {
Komodo13}) (18. h4 Bd6 19. O-O-O {Deep Fritz13} a5 20. Kb1 a4 $15) 18... Bd6
19. Re1 Rae8 20. Qd1 Nf4 21. Bxf4 {Komodo13} (21. Nxf4 {Deep Fritz13}) 21...
Bxf4 22. Bc2 Rhf8 (22... h5 $17 {Komodo13}) 23. Qd3 Nd5 (23... Bd6 $17 {
both Engines}) 24. h4 (24. Bb3 $15 {both Engines}) 24... Kg7 (24... Ke7 $17 {
Komodo13}) 25. Rh3 Bd6 26. h5 Nf4 (26... Qd8 $15 {Komodo13}) 27. Nxf4 Bxf4 28.
Kg2 $11 c5 (28... Qd6) (28... Rg8) 29. dxc5 Qxc5 30. hxg6 hxg6 31. Qxd7+ Re7
32. Qd3 $14 Bb8 (32... Qd6) (32... Kf6) 33. Reh1 (33. Qd2 $1 $18 {both Engines}
Rg8 34. Qg5 Ba7 35. Re2 Kf8 36. Rd2 Bb6 37. Qf6+ Rf7 (37... Ke8 38. Rh8 $18)
38. Qxe6 $18 {the Bl K stays in trouble}) 33... Ba7 (33... Bf4 $16 {both
Engines-holds on for the moment}) 34. Qd2 (34. Rh7+ {quickest- both Engines}
Kf6 35. Qd2 Ref7 36. R1h6 Ke7 37. gxf5 gxf5 38. Bb3 {and the B comes in}) 34...
Rd8 (34... Kf7 {survives a bit longer} 35. a4 (35. b4 Qb6 (35... Qxf2+ {Engine}
) 36. gxf5 gxf5 37. Rh7+ Ke8 38. Bb3 $18 {Komodo13}) 35... Ke8 36. Rh7 $18 {
Deep Fritz13}) 35. Rh7+ Kf6 36. g5+ (36. g5+ Ke5 37. f4#) 1-0